000 00600cam a2200193 i 4500
005 20251130123931.0
008 250721s1988 ua gr 000 0 ara d
082 1 4 _a212
_bس ي د
100 1 _aقطب، سيد
_eمؤلف.
245 1 0 _aتفسير سورة الشورى /
_cسيد قطب.
250 _aالطبعة الثالثة.
264 3 1 _aالقاهره :
_bدار الشروق،
_c1988.
300 _a100 صفحة.
650 1 7 _aالقرآن الكريم.
650 1 7 _aتفسير القرآن.
650 1 7 _aسور القرآن.
942 _2ddc
_cBK
999 _c17252
_d17252